000 00651nam a2200217Ia 4500
003 GCL
008 140319s9999 xx 000 0 ara d
040 _aGCL /
_cGCL
082 0 4 _a111
_bب م
100 1 _aبونتى، موريس ميرلو
245 1 0 _aالمرئى واللامرئى: متبوعا بملاحظات /
_cبونتى، موريس ميرلو
700 1 _aلوفور، كلود
700 1 _aسعاد محمد خضر
300 _a281 ص
490 _aسلسلة المائة كتاب
_v0
650 0 4 _aالفلسفة
650 0 4 _aوحدة الوجود
650 0 4 _aالوجود
650 0 4 _aالحدس
942 _2ddc
_cBK
999 _c51058
_d51058